Prostredie MSP a opatrenia na jeho podporu

Charakteristika šiestich základných princípov oblastí zlepšenia podmienok podnikania: 1. vytvorenie vhodného podnikateľského prostredia, 2. zníženie administratívnej zaťaženosti, 3. zlepšenie prístupu ku kapitálu, 4. zvýšenie konkurencie schopnosti MSP, 5. zlepšenie vzdelávania MSP, 6. zlepšenie pri...

Description complète

Enregistré dans:
Détails bibliographiques
Auteur principal: Sirotka, Vladimír
Format: Chapitre de livre
Langue:slovaque
Sujets:
Tags: Ajouter un tag
Pas de tags, Soyez le premier à ajouter un tag!

MARC

LEADER 00000naa$a2200000$$$4500
001 0063909
005 20221207084208.7
041 0 |a slo 
044 |a SK 
245 1 0 |a Prostredie MSP a opatrenia na jeho podporu  |c Vladimír Sirotka 
520 |a Charakteristika šiestich základných princípov oblastí zlepšenia podmienok podnikania: 1. vytvorenie vhodného podnikateľského prostredia, 2. zníženie administratívnej zaťaženosti, 3. zlepšenie prístupu ku kapitálu, 4. zvýšenie konkurencie schopnosti MSP, 5. zlepšenie vzdelávania MSP, 6. zlepšenie priamej podpory štátu pre MSP. 
610 2 0 |a podnikanie malé 
610 2 0 |a podnikanie stredné 
610 2 0 |a konkurencieschopnosť 
610 2 0 |a podpora podnikania 
610 2 0 |a vzdelávanie 
100 1 |a Sirotka, Vladimír